Hodnotenie kvality renovačných vrstiev v tribologických podmienkach
Formy, určené na vysokotlakové liatie hliníka, sú pri svojej prevádzke vystavené veľmi intenzívnemu tepelnému, mechanickému, ale aj chemickému namáhaniu. Toto namáhanie vedie k synergickému efektu kombinácie vysokoteplotných koróznych procesov v roztavených kovoch v reálnych podmienkach, spojených s...
Gespeichert in:
| 1. Verfasser: | |
|---|---|
| Weitere Verfasser: | |
| Format: | Buchkapitel |
| Sprache: | Slowakisch |
| Schlagworte: | |
| Tags: |
Keine Tags, Fügen Sie das erste Tag hinzu!
|
MARC
| LEADER | 00000naa a2200000 4500 | ||
|---|---|---|---|
| 001 | 0296345 | ||
| 005 | 20240426090825.8 | ||
| 041 | 0 | |a slo | |
| 044 | |a SK | ||
| 245 | 1 | 0 | |a Hodnotenie kvality renovačných vrstiev v tribologických podmienkach |c Janette Brezinová, Henrich Sailer |
| 520 | |a Formy, určené na vysokotlakové liatie hliníka, sú pri svojej prevádzke vystavené veľmi intenzívnemu tepelnému, mechanickému, ale aj chemickému namáhaniu. Toto namáhanie vedie k synergickému efektu kombinácie vysokoteplotných koróznych procesov v roztavených kovoch v reálnych podmienkach, spojených s mechanickým opotrebovaním. Vysokoteplotná korózia v prostredí tekutých kovov vzniká v zlievarenskom priemysle pri odlievaní roztaveného kovu najčastejšie do oceľových foriem. Opravy opotrebovaných častí foriem zváraním, ktoré je možné vykonávať aj po ich nenávratnej povrchovej degradácii, sú veľmi efektívnou, cenovo výhodnou a ekologicky prijateľnou formou ich údržby, pričom chemickými a fyzikálnymi vlastnosťami sú zvárané vrstvy, ak presahujú vlastnosti pôvodného materiálu. | ||
| 610 | 2 | 0 | |a hliník |
| 610 | 2 | 0 | |a hlinikárne |
| 610 | 2 | 0 | |a laser |
| 610 | 2 | 0 | |a kvalita |
| 610 | 2 | 0 | |a kvalita tovaru |
| 610 | 2 | 0 | |a hodnotenie kvality |
| 100 | 1 | |a Brezinová, Janette | |
| 700 | 1 | |a Sailer, Henrich | |